000 00396nam a22001457a 4500
999 _c193644
_d193644
008 221107b ||||| |||| 00| 0 eng d
082 _a780.922-BAS
100 _aBASUDEV,UMA
245 _aSELECT STALWARTS OF HINDUSTANI
_hENGLISH
260 _aNEW DELHI
_bA.I.C.B
_cROHINI
270 _aA.I.C.B ,ROHINI NEW DELHI
300 _a.
_b.
_c12X13
490 _v1-2
942 _2ddc
_cBRLEN
_k780.922
_mBAS